| 000 | 00645cam a2200217 a 4500 | ||
|---|---|---|---|
| 001 | unk83038663 | ||
| 003 | DLC | ||
| 005 | 20260227112800.0 | ||
| 008 | 831028s1961 ii 000 j hino | ||
| 010 | _aunk83038663 | ||
| 040 |
_aDLC _cDLC |
||
| 050 | 0 | 0 |
_aPK2098.C525 _bA6 1961 |
| 100 | 0 |
_aCaturasena, _cAcharya, _d1891-1960. |
|
| 240 | 1 | 0 |
_aShort stories. _kSelections |
| 245 | 1 | 0 |
_aKahānī khatma ho gaī / _cĀcārya Caturasena. |
| 250 | _a1. saṃskaraṇa. | ||
| 260 |
_aDillī : _bRājapāla eṇḍa Sanza, _c1961. |
||
| 300 |
_a260 p. ; _c19 cm. |
||
| 546 | _aIn Hindi. | ||
| 500 | _a"Caturasena kāsampūrṇa kahānī-sāhitya-5." | ||
| 999 |
_c91448 _d91448 |
||